000 00940pab a2200169 454500
008 180718b1997 xxu||||| |||| 00| 0 eng d
100 _aMulgan, Richard
245 _aThe processess of public accountability
260 _c1997
300 _ap.25-36
362 _aMar
520 _aThere is a sameness to writing on public accountability which does not always do justice to the subject. With responsibility and accountability conflated and an idealised version of the Westminster model held up as the only test, ministers constantly appear irresponsible. Yet a more complex account of public accountability is possible, one which acknowledges that no single institution can undertake the important work of ensuring accountability from ministers, the parliament and public servants. - Reproduced
650 _aPublic administration
650 _aAccountability
773 _aAustralian Journal of Public Administration
909 _a34612
999 _c34612
_d34612